Deir El-Médineh /

محفوظ في:

المؤلف الرئيسي: Andreu, Guillemette.

مؤلفون آخرون: Gombert, Florence.

التنسيق: كتاب

اللغة: French

منشور في: Paris : Hazan ; Réunion des musées nationaux, 2002.

سلاسل: L'atelier du monde.

الموضوعات:

الوسوم: إضافة وسم

لا توجد وسوم, كن أول من يضع وسما على هذه التسجيلة!

رقم الطلب: DT73 .D47 A547

LEADER 00679nam a22002177a 4500
005 20260105123550.0
008 260105t2002 fr a b 000 0 fre c
020 |a 9782850258008 
040 |c ARCE Library 
050 1 4 |a DT73 .D47  |b A547 
100 1 |a Andreu, Guillemette. 
245 1 0 |a Deir El-Médineh /   |c Guillemette Andreu, Florence Gombert. 
260 |a Paris :   |b Hazan ;   |b Réunion des musées nationaux,   |c 2002. 
300 |a 95 p. :   |b col. ill. ;   |c 25 cm. 
490 0 |a L'atelier du monde. 
651 0 |a Dayr al-Madīnah Site (Egypt) 
651 0 |a Egypt   |x Antiquities. 
653 |a Arts   |a Egyptology. 
700 1 |a Gombert, Florence. 
942 |2 lcc  |c BK 
999 |c 47261  |d 47261